| 000 | 01094nam a22002537a 4500 | ||
|---|---|---|---|
| 005 | 20240530110944.0 | ||
| 008 | 200912s2021 ua a f b 000 0dara d | ||
| 017 |
_a2020/3312 _bمصر. دار الكتب |
||
| 020 | _a9789778125948 | ||
| 040 |
_aEG-CaGPL _cEG-CaGPL |
||
| 082 | 0 | 4 |
_221 _a953.071\ _bهـ ت |
| 100 | 0 | _aهبة محمد حافظ ناصف | |
| 245 | 1 | 2 |
_aالتحولات الدينية والمذهبية فى الاندلس : _bمنذ الفتح حتى نهاية عصر ملوك الطوائف 92 - 483 هـ / 711 - 1090 م / _cهبة محمد حافظ ناصف |
| 250 | _aط.1 | ||
| 260 |
_aالقاهرة : _bالمكتب العربى للمعارف، _c2021 |
||
| 300 |
_a368 ص. ؛ _c24 سم. |
||
| 504 | _aيشتمل على ارجاعات ببليوجرافية | ||
| 650 | 0 | 7 |
_aالتاريخ الاسلامى _2qrmak |
| 650 | 0 | 7 | _aالفتوحات الاسلامية |
| 650 | 0 | 7 |
_aالاندلس _xتاريخ _2qrmak |
| 650 | 0 | 7 |
_aالاندلس _xتاريخ _xملوك الطوائف |
| 942 |
_2ddc _cBK |
||
| 999 |
_c66872 _d66872 |
||